000
00312nam a2200109Ia 4500
008
200302s9999 xx 000 0 und d
100
_a
Charanhit S. Shah and Other
245
_a
Architectural HandBooks Series Kitchens
260
_b
C BC Publishers and Distributors Pvt., Ltd.,
260
_c
2005
300
_a
103 P.,
999
_c
3848
_d
3848